Harry Potter: la Foret de Dean - Statistiques

Statistiques générales
  • Ce quiz a été pris 40 fois
  • Le résultat moyen est 4 sur 5
Statistiques - réponses
Information Réponses % Correct
Première apparition Harry Potter et les Reliques de la Mort
100%
Dernière apparition Harry Potter et les Reliques de la Mort
100%
Nation Angleterre
97%
Pays Royaume-Uni
97%
Région Gloucestershire
9%
Aucun quiz correspondant
Distribution des résultats
% des personnes avec chaque résultat
Percentile par nombre de réponses
Votre historique - résultats
Vous n’avez pas pris ce quiz